000 00574cas a22002055a 4500
001 L250
008 070705c1937 xxkbr p 0 a0eng
022 0 _a00267961
035 _a(Sirsi) u98888
041 0 _aeng
245 0 0 _aModern Law Review
260 _aOxford
_bBlackwell Publishers
_c1937-
362 0 _a62(4) July 1999-65(6) November 2002
500 _aFirst Issue 25 Jul 94 Vol.57 No.4 July 1994
554 _aSix per year
651 4 _aInternational
690 _aMANAGEMENT-BUSINESS MANAGEMENT-PROFESSIONAL PRACTICE
942 _n0
948 _c16/08/1994
999 _c118562
_d118562